MARC

LEADER 00000nam0a2200000 4500
001 204512
005 20231031190056.0
010 |a 5217004185 
020 |a RU  |b 89-44498 
035 |a (RuTPU)RU\TPU\book\222930 
090 |a 204512 
100 |a 20111124d1989 km y0rusy5003 ca 
101 0 |a rus 
102 |a RU 
105 |a a z 001zy 
200 1 |a Работа дизелей в условиях эксплуатации  |e справочник  |f А. К. Костин, Б. П. Пугачев, Ю. Ю. Кочинев 
210 |a Ленинград  |c Машиностроение  |d 1989 
215 |a 285 с.  |c ил. 
320 |a Библиогр. в конце разделов. 
610 1 |a дизели 
610 1 |a эксплуатация 
610 1 |a работа 
610 1 |a переходные процессы 
610 1 |a улучшение 
610 1 |a теплонапряженность 
610 1 |a топливоподача 
610 1 |a исследование 
610 1 |a планирование 
610 1 |a параметры 
610 1 |a измерение 
675 |a 621.436.004.(035)  |v 3 
700 1 |a Костин  |b А. К.  |g Алексей Константинович  |4 070 
701 1 |a Пугачев  |b Б. П.  |g Борис Петрович 
701 1 |a Кочинев  |b Ю. Ю.  |g Юрий Юрьевич 
801 0 |a RU  |b RuMRKP  |c 19950417  |g psbo 
801 1 |a RU  |b 63413507  |c 20111124 
801 2 |a RU  |b 63413507  |c 20150511  |g RCR 
942 |c BK